skbl

Dr Suryya Kumar Bhuyan Library Web-OPAC
ডঃ সূৰ্য্য
কুমাৰ ভূঞা পুথিভঁৰাল ৱেব-অ'পেক

All Research Scholars are advised to clear the annual library fees to continue using Library Resources, Remote Access, Plagiarism Test and Library Clearance.

Cotton University Book Fair 2026

Experimental microbiology (Record no. 62167)

MARC details
000 -LEADER
fixed length control field 00566nam a2200217Ia 4500
001 - CONTROL NUMBER
control field 61051
008 - FIXED-LENGTH DATA ELEMENTS--GENERAL INFORMATION
fixed length control field 191023n ii |||gr||||Z||||||465
020 ## - INTERNATIONAL STANDARD BOOK NUMBER
International Standard Book Number 978-81-272-5122-2
082 ## - DEWEY DECIMAL CLASSIFICATION NUMBER
Classification number 576
100 ## - MAIN ENTRY--PERSONAL NAME
Personal name Bhattacharjee, R.N.,
Relator term Author.
245 #0 - TITLE STATEMENT
Title Experimental microbiology
Statement of responsibility, etc. by R.N. Bhattacharjee
Medium Textual Documents
250 ## - EDITION STATEMENT
Edition statement 1st ed.
260 ## - PUBLICATION, DISTRIBUTION, ETC.
Place of publication, distribution, etc. Delhi:
Name of publisher, distributor, etc. Kalyani Publisher,
Date of publication, distribution, etc. 2008.
300 ## - PHYSICAL DESCRIPTION
Extent 339p:
Dimensions 25cm.
653 ## - INDEX TERM--UNCONTROLLED
Uncontrolled term Botany
653 ## - INDEX TERM--UNCONTROLLED
Uncontrolled term Microbiology
653 ## - INDEX TERM--UNCONTROLLED
Uncontrolled term G-Botany
653 ## - INDEX TERM--UNCONTROLLED
Uncontrolled term Dept-Botany
653 ## - INDEX TERM--UNCONTROLLED
Uncontrolled term PG-Botany
942 ## - ADDED ENTRY ELEMENTS (KOHA)
Source of classification or shelving scheme Dewey Decimal Classification
Koha item type Books
Holdings
Withdrawn status Lost status Damaged status Not for loan Collection Home library Current library Shelving location Date acquired Coded location qualifier Cost, normal purchase price Total checkouts Full call number Barcode Date last seen Copy number Price effective from Koha item type
          Dr. Suryya Kumar Bhuyan Library Dr. Suryya Kumar Bhuyan Library   01/01/2008 00000 150.00   576 Bh 469 Ex 814/CU 14/01/2024 3 01/01/2008 Books
          Dr. Suryya Kumar Bhuyan Library Dr. Suryya Kumar Bhuyan Library   01/01/2008 00000 150.00   576 Bh 469 Ex 1054/Bot 14/01/2024 1 01/01/2008 Books
          Dr. Suryya Kumar Bhuyan Library Dr. Suryya Kumar Bhuyan Library   01/01/2008 00000 150.00   576 Bh 469 Ex 292/Rusa 14/01/2024 2 01/01/2008 Books

Designed and Maintained by Team SKBL
©1901-2026

Powered by Koha